000 01381pam a2200229 a 4500
999 _c7306
_d7306
020 _a007009960X
020 _a9780070099609
020 _a0070099618 (solutions manual)
050 0 0 _aTK5102.5
_b.C3
100 1 _aCarlson, A. Bruce,
245 1 0 _aCommunication systems :
_ban introduction to signals and noise in electrical communication /
_cA. Bruce Carlson.
250 _a3rd ed.
260 _aNew York :
_bMcGraw-Hill,
_cc1986.
300 _axvii, 686 p. :
_bill. ;
_c25 cm.
440 0 _aMcGraw-Hill series in electrical engineering.
500 _aIncludes index.
505 _aCh. 1. Introduction -- Ch. 2. Signals and Spectra -- Ch. 3. Signal Transmission and Filtering -- Ch. 4. Linear CW Modulation -- Ch. 5. Exponential CW Modulation -- Ch. 6. Sampling and Pulse Modulation -- Ch. 7. Analog Communication Systems -- Ch. 8. Probability and Random Variables -- Ch. 9. Random Signals and Noise -- Ch. 10. Noise in Analog Modulation Systems -- Ch. 11. Baseband Digital Transmission -- Ch. 12. Digitization Techniques for Analog Messages and Networks -- Ch. 13. Channel Coding and Encryption -- Ch. 14. Bandpass Digital Transmission -- Ch. 15. Spread Spectrum Systems -- Ch. 16. Information and Detection Theory --
650 0 _aSignal theory (Telecommunication)
650 0 _aModulation (Electronics)
650 0 _aDigital communications.
942 _cBK